S41/S42 Stationen (Karte Berliner Ortsteile) - Statistiken

Allgemein
  • Dieses Quiz wurde 21 mal gespielt
  • Das Durchschnittsergebnis liegt bei 17 aus 27
Antworten auf der Karte
Die Antworten werden auf der Karte rot bzw. grün angezeigt, abhängig davon wie oft sie richtig erraten wurden.
 
Antwortstatistiken
Antwort % Korrekt
Gesundbrunnen
89%
Wedding
78%
Westkreuz
78%
Bundesplatz
67%
Frankfurter Allee
67%
Halensee
67%
Heidelberger Platz
67%
Hermannstraße
67%
Jungfernheide
67%
Landsberger Allee
67%
Messe Nord / ZOB
67%
Neukölln
67%
Ostkreuz
67%
Tempelhof
67%
Treptower Park
67%
Westend
67%
Westhafen
67%
Beusselstraße
56%
Greifswalder Straße
56%
Hohenzollerndamm
56%
Innsbrucker Platz
56%
Prenzlauer Allee
56%
Schöneberg
56%
Schönhauser Allee
56%
Sonnenallee
56%
Südkreuz
56%
Storkower Straße
44%
Keine übereinstimmenden Quizze gefunden
Verteilung der Resultate
Anzahl Personen mit jedem Resultat
Perzentil nach korrekt beantworteten Fragen
Ihre Resultats-Entwicklung
Sie haben dieses Quiz noch nicht gespielt